| 000 | 00387nam a2200145Ia 4500 | ||
|---|---|---|---|
| 999 |
_c9563 _d9563 |
||
| 020 | _a0933199139 | ||
| 082 | _aRR 320.06 POl- | ||
| 245 | 0 | _aPolitical handbook of the world 1998 | |
| 260 |
_aBonghamton _bCSA Publications |
||
| 504 | _aincludes appendix and index | ||
| 650 | _aInternational organization | ||
| 700 | _aMuller, Thomas C. | ||
| 700 | _aBanks, Arthur S. | ||
| 942 |
_cBK _2ddc |
||